000 00355pab a2200157 454500
008 180718b2013 xxu||||| |||| 00| 0 eng d
100 _aJena, Manipadma
245 _aVoices from Niyamgiri
260 _c2013
300 _ap.14-16.
362 _aSep
650 _aTribes
773 _aEconomic and Political Weekly
908 _aN
909 _a103309
999 _c103305
_d103305